|
|
|
|
| LEADER |
02861nam a2200649 4500 |
| 001 |
ocn859346273 |
| 003 |
OCoLC |
| 005 |
20170124065842.9 |
| 006 |
m o d |
| 007 |
cr cnu---unuuu |
| 008 |
131003s2013 cau o 001 0 eng d |
| 040 |
|
|
|a N$T
|b eng
|e rda
|e pn
|c N$T
|d TEFOD
|d GPM
|d COO
|d UMI
|d B24X7
|d YDXCP
|d DG1
|d TEFOD
|d OCLCF
|d DEBBG
|d GrThAP
|
| 019 |
|
|
|a 869214349
|a 961149924
|a 961559460
|a 962711031
|
| 020 |
|
|
|a 9781118741764
|q electronic bk.
|
| 020 |
|
|
|a 9781118741818
|q electronic bk.
|
| 020 |
|
|
|a 1118741811
|q electronic bk.
|
| 020 |
|
|
|a 9781118741771
|q electronic bk.
|
| 020 |
|
|
|a 1118741773
|q electronic bk.
|
| 020 |
|
|
|a 1118741765
|q electronic bk.
|
| 020 |
|
|
|z 9781119943143
|
| 020 |
|
|
|z 1119943140
|
| 029 |
1 |
|
|a DEBBG
|b BV042742639
|
| 029 |
1 |
|
|a DEBBG
|b BV043396257
|
| 035 |
|
|
|a (OCoLC)859346273
|z (OCoLC)869214349
|z (OCoLC)961149924
|z (OCoLC)961559460
|z (OCoLC)962711031
|
| 037 |
|
|
|a CL0500000366
|b Safari Books Online
|
| 037 |
|
|
|a 97FEACB0-0907-497B-BAED-24E5D678DCDB
|b OverDrive, Inc.
|n http://www.overdrive.com
|
| 050 |
|
4 |
|a HD58.8
|b .C614 2013
|
| 072 |
|
7 |
|a BUS
|x 082000
|2 bisacsh
|
| 072 |
|
7 |
|a BUS
|x 041000
|2 bisacsh
|
| 072 |
|
7 |
|a BUS
|x 042000
|2 bisacsh
|
| 072 |
|
7 |
|a BUS
|x 085000
|2 bisacsh
|
| 082 |
0 |
4 |
|a 658.406
|2 23
|
| 049 |
|
|
|a MAIN
|
| 100 |
1 |
|
|a Coetsee, Johan,
|e author.
|
| 245 |
1 |
0 |
|a Change lessons from the CEO :
|b real people, real change /
|c Johan Coetsee, Patrick C. Flood.
|
| 264 |
|
1 |
|a San Francisco, CA. :
|b Jossey-Bass,
|c 2013.
|
| 300 |
|
|
|a 1 online resource.
|
| 336 |
|
|
|a text
|b txt
|2 rdacontent
|
| 337 |
|
|
|a computer
|b c
|2 rdamedia
|
| 338 |
|
|
|a online resource
|b cr
|2 rdacarrier
|
| 500 |
|
|
|a Includes index.
|
| 588 |
|
|
|a Description based on print version record.
|
| 505 |
0 |
|
|a Front Matter -- Your Journey to Leading Change Authentically -- Change Readiness: Are You Ready for Leading Change? -- Leading Change: Winning Hearts and Minds -- Getting Employees Ready for Change -- Understanding How People Change -- Coaching for Change Success -- Change Politics and Change Levers -- Conclusions -- Index
|
| 504 |
|
|
|a Includes bibliographical references.
|
| 650 |
|
0 |
|a Organizational change.
|
| 650 |
|
0 |
|a Executives.
|
| 650 |
|
7 |
|a BUSINESS & ECONOMICS / Industrial Management
|2 bisacsh
|
| 650 |
|
7 |
|a BUSINESS & ECONOMICS / Management
|2 bisacsh
|
| 650 |
|
7 |
|a BUSINESS & ECONOMICS / Management Science
|2 bisacsh
|
| 650 |
|
7 |
|a BUSINESS & ECONOMICS / Organizational Behavior
|2 bisacsh
|
| 650 |
|
7 |
|a Executives.
|2 fast
|0 (OCoLC)fst00917875
|
| 650 |
|
7 |
|a Organizational change.
|2 fast
|0 (OCoLC)fst01047828
|
| 655 |
|
4 |
|a Electronic books.
|
| 700 |
1 |
|
|a Flood, Patrick C.,
|e author.
|
| 776 |
0 |
8 |
|i Print version:
|a Flood, Patrick C., author.
|t Change lessons from the CEO
|z 9781119943143
|w (OCoLC)827267410
|
| 856 |
4 |
0 |
|u https://doi.org/10.1002/9781118741764
|z Full Text via HEAL-Link
|
| 994 |
|
|
|a 92
|b DG1
|